[Event "Gran Canaria Cabildo op"]
[Site "Gran Canaria"]
[Date "2019.03.22"]
[Round "4"]
[White "Dominguez Gutierrez, Juan C"]
[Black "Moreno Diepa, Diego"]
[Result "0-1"]
[WhiteElo "1559"]
[BlackElo "1620"]
[PlyCount "68"]
[EventDate "2019.03.12"]
[EventType "swiss"]
[EventRounds "7"]
[EventCountry "ESP"]
[SourceTitle "CBM 189 Extra"]
[Source "ChessBase"]
[SourceDate "2019.06.03"]
[SourceVersion "1"]
[SourceVersionDate "2019.06.03"]
[SourceQuality "1"]

1. e4 e6 2. d3 d5 3. Nd2 Nc6 4. g3 Nf6 5. Bg2 Be7 6. Ngf3 0-0 7. 0-0 b6 8. e5 Nd7 9. Re1 f6 10. d4 fxe5 11. dxe5 Nc5 12. c3 Rb8 13. Nf1 Ne4 14. h4 a5 15. N1h2 Bc5 16. Be3 Be7 17. h5 Ng5 18. a4 Bd7 19. Nxg5 Bxg5 20. f4 Be7 21. Nf3 Qe8 22. g4 Nd8 23. Kh2 c5 24. Rh1 Nf7 25. g5 h6 26. Kg1 Qc8 27. Bh3 Qc7 28. Qe2 hxg5 29. Nxg5 Nxg5 30. fxg5 Qxe5 31. Qd2 Rf3 32. Rh2 Qxe3+ 33. Qxe3 Rxe3 34. Rg2 Rxh3 0-1

[Event "Gran Canaria Cabildo op"]
[Site "Gran Canaria"]
[Date "2019.03.19"]
[Round "3"]
[White "Martinez Molina, Jose Juan"]
[Black "Dominguez Gutierrez, Juan C"]
[Result "1/2-1/2"]
[WhiteElo "1681"]
[BlackElo "1559"]
[PlyCount "88"]
[EventDate "2019.03.12"]
[EventType "swiss"]
[EventRounds "7"]
[EventCountry "ESP"]
[SourceTitle "CBM 189 Extra"]
[Source "ChessBase"]
[SourceDate "2019.06.03"]
[SourceVersion "1"]
[SourceVersionDate "2019.06.03"]
[SourceQuality "1"]

1. c4 Nf6 2. Nf3 g6 3. Nc3 Bg7 4. g3 d6 5. Bg2 0-0 6. 0-0 c6 7. b3 Na6 8. Bb2 Nc7 9. d4 Bf5 10. Nh4 Bd7 11. h3 Rb8 12. Kh2 b5 13. Qc2 bxc4 14. bxc4 Na6 15. a3 Be6 16. Na4 Qd7 17. e4 d5 18. e5 Ne8 19. c5 f6 20. f4 f5 21. Nf3 Nac7 22. Nc3 Bf7 23. Rfb1 Ne6 24. Bc1 N8c7 25. a4 a5 26. Bf1 g5 27. Be3 g4 28. hxg4 fxg4 29. Nh4 Bh6 30. Bd3 Nxc5 31. Rxb8 Rxb8 32. Bxh7+ Kf8 33. Bf2 N5a6 34. Qe2 Ke8 35. Bd3 Nb4 36. Rb1 e6 37. Qxg4 Kd8 38. Bg6 Ke8 39. f5 exf5 40. Bxf5 Be6 41. Bxe6 Qxe6 42. Qxe6+ Nxe6 43. Nf5 Bd2 44. Ne2 Kd7 1/2-1/2

[Event "Gran Canaria op Seniors"]
[Site "Gran Canaria"]
[Date "2019.02.14"]
[Round "3"]
[White "Kleine, Peter"]
[Black "Dominguez Gutierrez, Juan C"]
[Result "1-0"]
[WhiteElo "1581"]
[BlackElo "1559"]
[PlyCount "83"]
[EventDate "2019.02.07"]
[EventType "swiss"]
[EventRounds "7"]
[EventCountry "ESP"]
[SourceTitle "CBM 189 Extra"]
[Source "ChessBase"]
[SourceDate "2019.06.03"]
[SourceVersion "1"]
[SourceVersionDate "2019.06.03"]
[SourceQuality "1"]

1. Nh3 b6 2. c4 e5 3. e4 Nf6 4. Nc3 Bb7 5. d3 Be7 6. Be2 Nc6 7. Be3 Nd4 8. Bxd4 exd4 9. Nb5 Bb4+ 10. Kf1 Bc5 11. a4 a6 12. Na3 0-0 13. Nc2 a5 14. f4 d6 15. Nf2 Bc8 16. Bf3 Rb8 17. g4 Ne8 18. h4 f5 19. gxf5 Nf6 20. h5 h6 21. Ke2 Qe7 22. Kd2 Bd7 23. Qg1 Be8 24. Qg2 c6 25. Ng4 Nxg4 26. Qxg4 Qf6 27. Rag1 Rb7 28. Qh4 Qxh4 29. Rxh4 Ra7 30. Bg4 b5 31. axb5 cxb5 32. cxb5 Bxb5 33. e5 dxe5 34. fxe5 Kh7 35. f6 gxf6 36. Bf5+ Kh8 37. Rg6 Rh7 38. Rhg4 fxe5 39. Be6 Rf2+ 40. Kd1 Rhf7 41. Rxh6+ Rh7 42. Rg8# 1-0

[Event "Las Palmas Insular-chT Pref-B"]
[Site "Las Palmas"]
[Date "2016.01.16"]
[Round "9.4"]
[White "Guerra Aleman, Marcial"]
[Black "Dominguez Gutierrez, Juan C"]
[Result "1-0"]
[WhiteElo "1631"]
[BlackElo "1546"]
[PlyCount "57"]
[EventDate "2015.10.17"]
[EventType "team-tourn"]
[EventRounds "14"]
[EventCountry "ESP"]
[SourceTitle "CBM 170 Extra"]
[Source "ChessBase"]
[SourceDate "2016.02.25"]
[SourceVersion "1"]
[SourceVersionDate "2016.02.25"]
[SourceQuality "1"]
[WhiteTeam "El Puerto de Santa Lucia"]
[BlackTeam "Drago de Sataute Centro Goya III"]
[WhiteTeamCountry "ESP"]
[BlackTeamCountry "ESP"]

1. d4 Nf6 2. Nf3 c5 3. c3 cxd4 4. cxd4 d5 5. e3 Nc6 6. Bd3 e6 7. 0-0 Be7 8. Ne5 a6 9. a3 Qc7 10. f4 b5 11. Nd2 Bb7 12. Qc2 Rc8 13. b4 Qb8 14. Qb1 0-0 15. Rf3 Qa8 16. Rh3 Nxe5 17. Bxh7+ Kh8 18. fxe5 Rxc1+ 19. Qxc1 Nxh7 20. Nb3 g6 21. e4 Rg8 22. Qc7 Re8 23. Rf1 Qc8 24. Qxc8 Bxc8 25. Rxf7 Bf8 26. Rfxh7+ Kg8 27. Rh8+ Kf7 28. R3h7+ Bg7 29. Rxg7+ 1-0

[Event "Las Palmas Insular-chT Pref-B"]
[Site "Las Palmas"]
[Date "2015.12.05"]
[Round "5.4"]
[White "Sanchez Ramirez, Gustavo"]
[Black "Dominguez Gutierrez, Juan C"]
[Result "1/2-1/2"]
[WhiteElo "1709"]
[BlackElo "1550"]
[PlyCount "81"]
[EventDate "2015.10.17"]
[EventType "team-tourn"]
[EventRounds "14"]
[EventCountry "ESP"]
[SourceTitle "CBM 170 Extra"]
[Source "ChessBase"]
[SourceDate "2016.02.25"]
[SourceVersion "1"]
[SourceVersionDate "2016.02.25"]
[SourceQuality "1"]
[WhiteTeam "Hotel Avda de Canarias II"]
[BlackTeam "Drago de Sataute Centro Goya III"]
[WhiteTeamCountry "ESP"]
[BlackTeamCountry "ESP"]

1. c4 Nf6 2. d4 c5 3. d5 b5 4. cxb5 a6 5. e3 g6 6. Nc3 axb5 7. Bxb5 Ba6 8. Nf3 Bxb5 9. Nxb5 Qa5+ 10. Nc3 d6 11. 0-0 Bg7 12. e4 Nbd7 13. Re1 0-0 14. e5 Ng4 15. exd6 exd6 16. Ne4 Qb6 17. a4 Nge5 18. Ra3 Nxf3+ 19. gxf3 c4 20. Nc3 Ne5 21. Nb5 Nd3 22. Be3 Qd8 23. Re2 Nxb2 24. Qc2 Qd7 25. Ra2 Nxa4 26. Qxc4 Rfc8 27. Qd3 Rcb8 28. Nd4 Nc5 29. Rxa8 Rxa8 30. Qc2 Qh3 31. Re1 Re8 32. Rb1 Qh5 33. Nc6 Nd7 34. Rb7 Ne5 35. Nxe5 Bxe5 36. f4 Qg4+ 37. Kf1 Bxf4 38. Qc7 Qh3+ 39. Ke1 Rxe3+ 40. fxe3 Qxe3+ 41. Kf1 1/2-1/2

[Event "Gran Canaria Larsen Memorial 1st"]
[Site "Gran Canaria"]
[Date "2015.09.18"]
[Round "5"]
[White "Sanchez Montesdeoca, Isaac"]
[Black "Dominguez Gutierrez, Juan C"]
[Result "1/2-1/2"]
[WhiteElo "1794"]
[BlackElo "1562"]
[PlyCount "50"]
[EventDate "2015.09.09"]
[EventType "swiss"]
[EventRounds "7"]
[EventCountry "ESP"]
[SourceTitle "EXT 2016"]
[Source "ChessBase"]
[SourceDate "2015.10.08"]
[SourceVersion "1"]
[SourceVersionDate "2015.10.08"]
[SourceQuality "1"]

1. Nc3 c5 2. e3 Nf6 3. b3 g6 4. Bb2 Bg7 5. Be2 0-0 6. h4 b6 7. h5 Bb7 8. hxg6 fxg6 9. Bf3 d5 10. Nh3 Ne4 11. Bxe4 dxe4 12. Ng5 h5 13. Rxh5 Rf5 14. Ne6 Rxh5 15. Qxh5 gxh5 16. Nxd8 Bxc3 17. Bxc3 Bc8 18. 0-0-0 Bg4 19. Rf1 Kf8 20. f3 exf3 21. gxf3 Bd7 22. Rg1 Na6 23. Bg7+ Ke8 24. Be5 Kxd8 25. Rg5 Be8 1/2-1/2

[Event "Gran Canaria Larsen Memorial 1st"]
[Site "Gran Canaria"]
[Date "2015.09.09"]
[Round "1"]
[White "Dominguez Gutierrez, Juan C"]
[Black "Ramirez Medina, Victor"]
[Result "0-1"]
[WhiteElo "1562"]
[BlackElo "2123"]
[PlyCount "82"]
[EventDate "2015.09.09"]
[EventType "swiss"]
[EventRounds "7"]
[EventCountry "ESP"]
[SourceTitle "EXT 2016"]
[Source "ChessBase"]
[SourceDate "2015.10.08"]
[SourceVersion "1"]
[SourceVersionDate "2015.10.08"]
[SourceQuality "1"]

1. e4 c5 2. Nf3 d6 3. d4 cxd4 4. Nxd4 Nf6 5. Nc3 a6 6. g3 e5 7. Nb3 Be7 8. Bg2 0-0 9. 0-0 Be6 10. a4 Nbd7 11. h3 Rc8 12. f4 b5 13. f5 Bc4 14. Re1 b4 15. Nd5 Nxd5 16. exd5 a5 17. Be3 Re8 18. Nd2 Ba6 19. Ne4 Nb6 20. b3 Bb7 21. Nf2 Bg5 22. Rc1 Bxe3 23. Rxe3 Qg5 24. Rd3 Qxf5 25. Be4 Qg5 26. h4 Qe7 27. Qh5 g6 28. Qg4 Nd7 29. c4 bxc3 30. Rdxc3 Rxc3 31. Rxc3 Rc8 32. Rxc8+ Bxc8 33. h5 Nb6 34. Qe2 Qa7 35. Qe3 f5 36. Bd3 Kg7 37. h6+ Kf7 38. Nh3 Qc7 39. Ng5+ Kg8 40. Ne6 Nxd5 41. Bc4 Bxe6 0-1